[Event "XtraCon-Skakligaen"]
[Site "Denmark"]
[Date "2013.12.08"]
[Round "3.4"]
[White "Pedersen, Finn"]
[Black "Petersen, Tom Petri"]
[Result "1/2-1/2"]
[WhiteElo "2310"]
[BlackElo "2323"]
[PlyCount "65"]
[EventDate "2013.11.02"]
[EventType "team-tourn"]
[EventRounds "9"]
[WhiteTeam "Aarhus/Skolerne"]
[BlackTeam "Nordre"]
[WhiteTeamCountry "DEN"]
[BlackTeamCountry "DEN"]

1. c4 g6 2. d4 Bg7 3. Nc3 Nf6 4. e4 d6 5. g3 O-O 6. Bg2 e5 7. dxe5 dxe5 8. Bg5
c6 9. Nf3 Qe7 10. Qc1 Nbd7 11. O-O Nc5 12. Rd1 Qe6 13. Qe3 Ncd7 14. Qe2 Re8 15.
h3 Bf8 16. a3 a5 17. b3 Nc5 18. Rab1 Na6 19. Bc1 Nd7 20. Bb2 f6 21. Bf1 Qf7 22.
Na4 Nac5 23. Nxc5 Nxc5 24. b4 axb4 25. axb4 Na6 26. Bc3 Be6 27. Nd2 c5 28. bxc5
Nxc5 29. Nb3 Nxb3 30. Rxb3 Bc5 31. Rdb1 b6 32. Bb4 Bd4 33. Bc3 1/2-1/2

[Event "XtraCon-Skakligaen"]
[Site "Denmark"]
[Date "2013.12.08"]
[Round "3.5"]
[White "Veng, Johnny"]
[Black "Rendboe, John Filip"]
[Result "0-1"]
[WhiteElo "2232"]
[BlackElo "2214"]
[PlyCount "102"]
[EventDate "2013.11.02"]
[EventType "team-tourn"]
[EventRounds "9"]
[WhiteTeam "Nordre"]
[BlackTeam "Aarhus/Skolerne"]
[WhiteTeamCountry "DEN"]
[BlackTeamCountry "DEN"]

1. d4 d5 2. Nf3 Nf6 3. c4 e6 4. g3 Bb4+ 5. Bd2 Bxd2+ 6. Nbxd2 O-O 7. Bg2 b6 8.
O-O Bb7 9. Rc1 Nbd7 10. b4 dxc4 11. Nxc4 Qe7 12. Qb3 Rac8 13. Nce5 Bd5 14. Nc6
Qd6 15. Qa4 a6 16. Nfe5 Bxg2 17. Kxg2 Ra8 18. Kg1 b5 19. Qb3 Nb6 20. Rfd1 Rfe8
21. a3 Nfd5 22. e4 Ne7 23. Na5 Ng6 24. Nf3 Rac8 25. Rc5 Qe7 26. h4 h6 27. h5
Nf8 28. Re1 Nh7 29. Qe3 Nf6 30. Nc6 Qf8 31. Nce5 Nxh5 32. g4 Nf6 33. g5 hxg5
34. Nxg5 Re7 35. Qh3 g6 36. Re3 Qg7 37. Rf3 Nbd7 38. Rc6 Nxe5 39. dxe5 Nd7 40.
Rxa6 Nxe5 41. Rf4 Rd8 42. Kg2 Nd3 43. Rh4 Red7 44. Rxe6 f6 45. Nh7 Rf7 46. Re8+
Rxe8 47. Qxd3 g5 48. Rh1 Qg6 49. Qb3 Qxe4+ 50. Kg1 Qg4+ 51. Kh2 Qe6 0-1

[Event "XtraCon-Skakligaen"]
[Site "Denmark"]
[Date "2013.12.08"]
[Round "3.6"]
[White "Hagen, Kresten Skytte"]
[Black "Hoiberg, Nina"]
[Result "0-1"]
[WhiteElo "2166"]
[BlackElo "2212"]
[PlyCount "110"]
[EventDate "2013.11.02"]
[EventType "team-tourn"]
[EventRounds "9"]
[WhiteTeam "Aarhus/Skolerne"]
[BlackTeam "Nordre"]
[WhiteTeamCountry "DEN"]
[BlackTeamCountry "DEN"]

1. Nf3 Nc6 2. d4 d5 3. c4 Bg4 4. Nc3 Nf6 5. Bf4 e6 6. e3 Nh5 7. Bg3 Nxg3 8.
hxg3 Bb4 9. Qb3 a5 10. Rc1 a4 11. Qc2 a3 12. b3 h6 13. Be2 Qe7 14. cxd5 exd5
15. Bb5 Bxf3 16. gxf3 O-O 17. Bxc6 bxc6 18. Kf1 Rfd8 19. Ne2 Rd6 20. Nf4 Ra5
21. Nd3 Re6 22. Kg2 Bd6 23. Qd2 Ra6 24. Rc2 Qg5 25. Qe2 Rb6 26. Rhc1 h5 27. Rh1
Rh6 28. Rcc1 h4 29. f4 Qg6 30. g4 Qe4+ 31. f3 Qe7 32. e4 g5 33. f5 f6 34. e5
Qe8 35. Qd2 Be7 36. Rce1 Qf8 37. exf6 Bxf6 38. Ne5 Rh7 39. Re2 c5 40. dxc5 Qxc5
41. Ng6 Qd6 42. Re8+ Kg7 43. Qe1 Rc6 44. Re2 d4 45. Ne5 Rc3 46. Nc4 Qf4 47. Rh3
Kh6 48. Nxa3 Re3 49. Nc4 Rxe2+ 50. Qxe2 Re7 51. Qd3 Re1 52. Qd2 Qxd2+ 53. Nxd2
Re2+ 54. Kf1 Rxd2 55. a4 Rb2 0-1

[Event "XtraCon-Skakligaen"]
[Site "Denmark"]
[Date "2013.12.08"]
[Round "3.7"]
[White "Nielsen, Poul Erik"]
[Black "Jensen, Jacob Bjerre"]
[Result "1/2-1/2"]
[WhiteElo "2198"]
[BlackElo "2156"]
[PlyCount "40"]
[EventDate "2013.11.02"]
[EventType "team-tourn"]
[EventRounds "9"]
[WhiteTeam "Nordre"]
[BlackTeam "Aarhus/Skolerne"]
[WhiteTeamCountry "DEN"]
[BlackTeamCountry "DEN"]

1. c4 f5 2. g3 Nf6 3. Bg2 d6 4. Nc3 g6 5. d3 Bg7 6. e4 O-O 7. Nge2 c6 8. O-O e5
9. h3 Be6 10. exf5 gxf5 11. Bg5 Nbd7 12. b3 Qe8 13. d4 Qh5 14. d5 cxd5 15. Bxf6
Nxf6 16. Nxd5 Nxd5 17. cxd5 Bd7 18. Rc1 Rac8 19. Rxc8 Rxc8 20. Qd3 e4 1/2-1/2

[Event "XtraCon-Skakligaen"]
[Site "Denmark"]
[Date "2013.12.08"]
[Round "3.8"]
[White "Tettinek, Michael"]
[Black "Christensen, Jan Schleicher"]
[Result "0-1"]
[WhiteElo "2041"]
[BlackElo "2218"]
[PlyCount "122"]
[EventDate "2013.11.02"]
[EventType "team-tourn"]
[EventRounds "9"]
[WhiteTeam "Aarhus/Skolerne"]
[BlackTeam "Nordre"]
[WhiteTeamCountry "DEN"]
[BlackTeamCountry "DEN"]

1. d4 Nf6 2. Nf3 c5 3. c3 g6 4. g3 Bg7 5. Bg2 O-O 6. O-O Qc7 7. Re1 d6 8. e4 e5
9. Nbd2 Nc6 10. dxe5 dxe5 11. a4 b6 12. Nc4 Rd8 13. Qb3 Be6 14. Ng5 Bxc4 15.
Qxc4 Na5 16. Qa2 c4 17. Be3 Nd7 18. Rad1 Nc5 19. Bxc5 Qxc5 20. h4 Rac8 21. Bh3
Rb8 22. Qb1 Qc6 23. Rxd8+ Rxd8 24. Rd1 Rd6 25. Bg2 Bf8 26. Rd5 Qxa4 27. f4 Rxd5
28. exd5 exf4 29. gxf4 Nb7 30. h5 Nd6 31. hxg6 hxg6 32. Ne4 Nxe4 33. Bxe4 Bc5+
34. Kg2 Qd7 35. f5 gxf5 36. Bxf5 Qe7 37. Qe4 Qxe4+ 38. Bxe4 Be3 39. d6 Kf8 40.
Bd5 Bc1 41. b3 cxb3 42. Bxb3 Bb2 43. c4 Be5 44. d7 Ke7 45. Ba4 Bc7 46. Kf3 Ke6
47. Ke3 Ke5 48. Bb5 a5 49. Kd3 f5 50. Ke3 Bd8 51. Kd3 Bg5 52. Ba4 Be7 53. Bb5
Bd8 54. Ba4 Kd6 55. Kd4 Bf6+ 56. Ke3 Kc5 57. Kf4 Kxc4 58. Kxf5 Bh4 59. Ke4 b5
60. Bd1 b4 61. Be2+ Kc3 0-1

[Event "XtraCon-Skakligaen"]
[Site "Denmark"]
[Date "2013.12.08"]
[Round "3.4"]
[White "Wiwe, Andreas"]
[Black "Carstensen, Jacob"]
[Result "1/2-1/2"]
[WhiteElo "2287"]
[BlackElo "2372"]
[PlyCount "131"]
[EventDate "2013.11.02"]
[EventType "team-tourn"]
[EventRounds "9"]
[WhiteTeam "Jetsmark"]
[BlackTeam "Bronshoj"]
[WhiteTeamCountry "DEN"]
[BlackTeamCountry "DEN"]

1. e4 c5 2. Nf3 d6 3. d4 cxd4 4. Nxd4 Nf6 5. Nc3 g6 6. Be3 Bg7 7. f3 O-O 8. Qd2
Nc6 9. Bc4 Bd7 10. O-O-O Rc8 11. Bb3 Ne5 12. Kb1 a6 13. h4 h5 14. Bh6 Nc4 15.
Bxc4 Rxc4 16. Bxg7 Kxg7 17. Rhe1 b5 18. e5 dxe5 19. Rxe5 e6 20. g4 Qc7 21. Rxh5
Nxh5 22. gxh5 e5 23. Nde2 Bf5 24. Ng3 Rf4 25. Nd5 Qxc2+ 26. Qxc2 Bxc2+ 27. Kxc2
Rc8+ 28. Kb1 Rxf3 29. Rg1 Rc4 30. hxg6 Rxh4 31. gxf7 Kxf7 32. Rf1 Rxf1+ 33.
Nxf1 Ke6 34. Nde3 Rh3 35. Kc2 Rf3 36. Kd3 Rf2 37. Nd2 e4+ 38. Nxe4 Rxb2 39.
Nc5+ Ke5 40. Nxa6 Rxa2 41. Nb4 Ra3+ 42. Kd2 Rb3 43. Nd3+ Kd4 44. Nc2+ Kd5 45.
Ne3+ Kc6 46. Kc2 Ra3 47. Nd1 Ra2+ 48. N1b2 Kb6 49. Kb3 Ra1 50. Kb4 Rh1 51. Kb3
Ka5 52. Ka3 Rh8 53. Ka2 Rc8 54. Kb3 Rc7 55. Nb4 Rh7 56. N2d3 Rh4 57. Ka3 Rg4
58. Nc6+ Kb6 59. Ncb4 Rc4 60. Kb3 Kc7 61. Nd5+ Kd6 62. Nc3 Rh4 63. Nxb5+ Kc6
64. Nc3 Rh3 65. Kc4 Rxd3 66. Kxd3 1/2-1/2

[Event "XtraCon-Skakligaen"]
[Site "Denmark"]
[Date "2013.12.08"]
[Round "3.5"]
[White "Bromann, Thorbjorn"]
[Black "Christensen, Stefan"]
[Result "1-0"]
[WhiteElo "2356"]
[BlackElo "2278"]
[PlyCount "111"]
[EventDate "2013.11.02"]
[EventType "team-tourn"]
[EventRounds "9"]
[WhiteTeam "Bronshoj"]
[BlackTeam "Jetsmark"]
[WhiteTeamCountry "DEN"]
[BlackTeamCountry "DEN"]

1. b3 e5 2. Bb2 Nc6 3. e3 Nf6 4. Bb5 Bd6 5. Na3 Be7 6. Nc4 e4 7. Bxc6 dxc6 8.
Ne2 O-O 9. O-O Re8 10. d3 Bf5 11. Ng3 Bg6 12. Ne5 exd3 13. cxd3 Bd6 14. Nxg6
hxg6 15. Rc1 Be5 16. Bxe5 Rxe5 17. d4 Re7 18. Ne2 Qd6 19. Nf4 Nd5 20. Nd3 Nb4
21. Nxb4 Qxb4 22. Rc5 a5 23. a4 Ra6 24. Qc2 Rb6 25. Rb1 Re8 26. g3 Ra6 27. Kg2
Raa8 28. h4 Rad8 29. Rh1 Rd5 30. Rxd5 cxd5 31. Qxc7 Qxb3 32. Qd7 Rf8 33. h5
gxh5 34. Rxh5 Qc2 35. Qxd5 b6 36. Qd7 Qe4+ 37. Kh2 g6 38. Rh4 Qc2 39. Kg2 Kg7
40. Qb5 Qc7 41. Qg5 Qd8 42. Qh6+ Kf6 43. Rf4+ Ke7 44. Qg5+ Kd7 45. Qd5+ Kc8 46.
Qa8+ Kd7 47. Qb7+ Qc7 48. Qd5+ Ke7 49. Qe4+ Kd7 50. Rf6 Kd8 51. Qd5+ Ke7 52.
Rc6 Qb8 53. Qg5+ f6 54. Qxg6 b5 55. Qe4+ Kf7 56. Qh7+ 1-0

[Event "XtraCon-Skakligaen"]
[Site "Denmark"]
[Date "2013.12.08"]
[Round "3.6"]
[White "Helledie, Anders"]
[Black "Greger, Roland Reinhard"]
[Result "1-0"]
[WhiteElo "2237"]
[BlackElo "2308"]
[PlyCount "121"]
[EventDate "2013.11.02"]
[EventType "team-tourn"]
[EventRounds "9"]
[WhiteTeam "Jetsmark"]
[BlackTeam "Bronshoj"]
[WhiteTeamCountry "DEN"]
[BlackTeamCountry "DEN"]

1. e4 e6 2. d4 d5 3. Nc3 Nf6 4. e5 Nfd7 5. f4 c5 6. Nf3 Nc6 7. Be3 a6 8. Qd2
Qc7 9. Ne2 b5 10. c3 b4 11. g3 Na5 12. b3 bxc3 13. Nxc3 c4 14. bxc4 Nxc4 15.
Bxc4 Qxc4 16. Kf2 Bb4 17. Rhc1 O-O 18. Qe2 Nb6 19. Qxc4 Nxc4 20. Nd2 Ba3 21.
Rc2 Nxd2 22. Bxd2 Bd7 23. Nb1 Be7 24. Rc7 Rfd8 25. Ba5 Kf8 26. Nc3 Ke8 27. Rb1
Rdc8 28. Rxc8+ Rxc8 29. Rb3 h5 30. Ke3 Rc4 31. Rb8+ Bc8 32. Kd3 Kd7 33. Rb3 f5
34. a3 Ke8 35. Bb4 Bd8 36. Bc5 Bc7 37. Bb6 Kd7 38. Bxc7 Kxc7 39. Rb4 Rxb4 40.
axb4 Bd7 41. Nd1 Bb5+ 42. Kc3 Kb6 43. Ne3 Kc7 44. Ng2 Kd7 45. Nh4 Ke7 46. Nf3
Kf7 47. Nd2 Ke7 48. Nb3 Kf7 49. Nc5 Bc4 50. Kd2 Ke7 51. Ke3 g6 52. Kf2 Kf7 53.
Kg2 Bb5 54. Kh3 Bc4 55. Kh4 Bb5 56. Kg5 Bc4 57. Kh6 Be2 58. Nb7 h4 59. gxh4 Bh5
60. Kh7 Ke7 61. Nc5 1-0

[Event "XtraCon-Skakligaen"]
[Site "Denmark"]
[Date "2013.12.08"]
[Round "3.7"]
[White "Palm, Nikolaj"]
[Black "Rathlev, Jakob"]
[Result "1/2-1/2"]
[WhiteElo "2313"]
[BlackElo "2250"]
[PlyCount "68"]
[EventDate "2013.11.02"]
[EventType "team-tourn"]
[EventRounds "9"]
[WhiteTeam "Bronshoj"]
[BlackTeam "Jetsmark"]
[WhiteTeamCountry "DEN"]
[BlackTeamCountry "DEN"]

1. d4 e6 2. Nf3 f5 3. c4 Nf6 4. Nc3 Bb4 5. Qc2 b6 6. a3 Bxc3+ 7. Qxc3 Bb7 8. e3
O-O 9. b3 Qe7 10. Bb2 d6 11. Bd3 Ne4 12. Qc2 Ng5 13. Qe2 Nxf3+ 14. gxf3 e5 15.
d5 c6 16. dxc6 Nxc6 17. Rg1 g6 18. Bc2 f4 19. O-O-O Nd8 20. Bxg6 hxg6 21. Rxg6+
Kf7 22. Rgxd6 Ke8 23. Qd3 e4 24. fxe4 Bxe4 25. Qc3 Nf7 26. R6d4 Rd8 27. exf4
Rxd4 28. Qxd4 Bf5 29. Qd5 Nd8 30. Qd2 Kf7 31. Re1 Ne6 32. Re5 Kg6 33. Qe3 Qf7
34. Bc3 Kh7 1/2-1/2

[Event "XtraCon-Skakligaen"]
[Site "Denmark"]
[Date "2013.12.08"]
[Round "3.8"]
[White "Rasmussen, Henning"]
[Black "Holmsgaard, Henrik"]
[Result "1/2-1/2"]
[WhiteElo "2166"]
[BlackElo "2297"]
[PlyCount "44"]
[EventDate "2013.11.02"]
[EventType "team-tourn"]
[EventRounds "9"]
[WhiteTeam "Jetsmark"]
[BlackTeam "Bronshoj"]
[WhiteTeamCountry "DEN"]
[BlackTeamCountry "DEN"]

1. d4 d5 2. Nc3 Bf5 3. f3 e6 4. e4 Bg6 5. h4 h6 6. h5 Bh7 7. Be3 Bb4 8. Bd3 Ne7
9. Nge2 O-O 10. e5 Bxd3 11. Qxd3 c5 12. a3 Bxc3+ 13. bxc3 Nbc6 14. f4 cxd4 15.
cxd4 Qa5+ 16. Bd2 Qa4 17. Rb1 b6 18. g4 Qc4 19. Rh3 f6 20. exf6 Rxf6 21. Kd1
Qxd3 22. Rxd3 Nc8 1/2-1/2

[Event "XtraCon-Skakligaen"]
[Site "Denmark"]
[Date "2013.12.08"]
[Round "3.1"]
[White "Andersen, Mads"]
[Black "Matthiesen, Arne"]
[Result "1-0"]
[WhiteElo "2476"]
[BlackElo "2358"]
[PlyCount "65"]
[EventDate "2013.11.02"]
[EventType "team-tourn"]
[EventRounds "9"]
[WhiteTeam "Skanderborg"]
[BlackTeam "SK1968"]
[WhiteTeamCountry "DEN"]
[BlackTeamCountry "DEN"]

1. Nf3 c5 2. e4 Nc6 3. d4 cxd4 4. Nxd4 g6 5. Nc3 Bg7 6. Be3 Nf6 7. Bc4 Qa5 8.
O-O O-O 9. Nb3 Qc7 10. Bg5 a6 11. Be2 d6 12. Bxf6 exf6 13. Nd5 Qd8 14. c3 Re8
15. Nd2 f5 16. exf5 Bxf5 17. Nc4 Be6 18. Nce3 Rc8 19. Re1 h5 20. g3 h4 21. Bf3
Ne5 22. Bg2 hxg3 23. hxg3 b5 24. b3 Nd7 25. Rc1 Nb6 26. Qd3 Be5 27. Nb4 Qf6 28.
Bc6 a5 29. Bxe8 axb4 30. Qxb5 Na8 31. Bd7 Rxc3 32. Qb8+ Kg7 33. Bxe6 1-0

[Event "XtraCon-Skakligaen"]
[Site "Denmark"]
[Date "2013.12.08"]
[Round "3.2"]
[White "Matthiesen, Martin"]
[Black "Palo, Davor"]
[Result "1/2-1/2"]
[WhiteElo "2306"]
[BlackElo "2553"]
[PlyCount "163"]
[EventDate "2013.11.02"]
[EventType "team-tourn"]
[EventRounds "9"]
[WhiteTeam "SK1968"]
[BlackTeam "Skanderborg"]
[WhiteTeamCountry "DEN"]
[BlackTeamCountry "DEN"]

1. d4 f5 2. Nf3 Nf6 3. g3 g6 4. Bg2 Bg7 5. O-O O-O 6. b3 c5 7. e3 d5 8. Bb2
cxd4 9. exd4 Nc6 10. Nbd2 f4 11. Qe2 Bg4 12. h3 Bd7 13. Ne5 fxg3 14. fxg3 e6
15. Kh2 Nxe5 16. dxe5 Nh5 17. c4 Qg5 18. Qd3 Nxg3 19. Qxg3 Qxd2 20. Bc3 Rxf1
21. Bxd2 Rxa1 22. cxd5 Rxa2 23. Qg5 Rf8 24. Bb4 Re8 25. Kg3 Rb2 26. Qe3 exd5
27. Bxd5+ Kh8 28. e6 Bc6 29. Bxc6 bxc6 30. e7 c5 31. Bxc5 Rc2 32. Bd4 Rc6 33.
Qe4 Rcc8 34. b4 a6 35. Bc5 a5 36. Qd5 axb4 37. Bxb4 Rb8 38. Bd6 Rbc8 39. Qf7
Ra8 40. Kf3 Rg8 41. Ke4 Ra4+ 42. Kd5 Rd4+ 43. Kc6 Re4 44. Kd7 Re2 45. Qf3 Re1
46. Bg3 Ra1 47. e8=Q Ra7+ 48. Kd8 Rxe8+ 49. Kxe8 Ra5 50. Bd6 Rf5 51. Qa8 h6 52.
Kd7+ Kh7 53. Qe4 Rf7+ 54. Ke8 Rf5 55. Qd3 Kg8 56. Bb4 Re5+ 57. Kd7 Rf5 58. Ke6
Rf6+ 59. Ke7 Rf5 60. Bc3 Bxc3 61. Qxc3 h5 62. h4 Rf7+ 63. Ke6 Rf5 64. Qd4 Rf8
65. Qd3 Kg7 66. Qd7+ Kg8 67. Qd5 Rf5 68. Qc4 Kg7 69. Ke7 Re5+ 70. Kd7 Rf5 71.
Qd4+ Kh7 72. Ke7 Kg8 73. Ke6 Kh7 74. Qd7+ Kg8 75. Qb7 Kh8 76. Qa7 Kg8 77. Qe3
Kg7 78. Qa7+ Kh8 79. Qa8+ Kg7 80. Qb7+ Kh8 81. Qe4 Kg7 82. Qd4+ 1/2-1/2

[Event "XtraCon-Skakligaen"]
[Site "Denmark"]
[Date "2013.12.08"]
[Round "3.5"]
[White "Boe, Mads"]
[Black "Hansen, Lars"]
[Result "1-0"]
[WhiteElo "2364"]
[BlackElo "2241"]
[PlyCount "82"]
[EventDate "2013.11.02"]
[EventType "team-tourn"]
[EventRounds "9"]
[WhiteTeam "Skanderborg"]
[BlackTeam "SK1968"]
[WhiteTeamCountry "DEN"]
[BlackTeamCountry "DEN"]

1. e4 e6 2. d4 d5 3. e5 c5 4. c3 Qb6 5. Nf3 Nc6 6. Be2 Nge7 7. dxc5 Qxc5 8. O-O
Ng6 9. Be3 Qa5 10. Bd4 Bd7 11. Bd3 Rc8 12. g3 Be7 13. Qe2 O-O 14. Nbd2 Nxd4 15.
Nxd4 Qb6 16. Rab1 f6 17. f4 fxe5 18. fxe5 Rxf1+ 19. Kxf1 Rf8+ 20. Kg2 Be8 21.
N2f3 Bd8 22. Rf1 Bc7 23. Rf2 h6 24. a4 a5 25. b4 Bf7 26. b5 Ne7 27. Nh4 Qc5 28.
Qe3 b6 29. Kg1 Bb8 30. Ng2 Qc7 31. Re2 Kh8 32. Bc2 Qc4 33. Rf2 Kg8 34. Nf4 Qc8
35. Qd3 g6 36. Qe3 Kg7 37. Qf3 Rg8 38. Nfxe6+ Bxe6 39. Qf6+ Kh7 40. Qxe7+ Rg7
41. Qxe6 Qxc3 1-0

[Event "XtraCon-Skakligaen"]
[Site "Denmark"]
[Date "2013.12.08"]
[Round "3.6"]
[White "Rewitz, Poul"]
[Black "Andersen, Jackie"]
[Result "0-1"]
[WhiteElo "2233"]
[BlackElo "2356"]
[PlyCount "70"]
[EventDate "2013.11.02"]
[EventType "team-tourn"]
[EventRounds "9"]
[WhiteTeam "SK1968"]
[BlackTeam "Skanderborg"]
[WhiteTeamCountry "DEN"]
[BlackTeamCountry "DEN"]

1. Nf3 d5 2. d4 c6 3. c4 e6 4. Nc3 Nf6 5. Bg5 Nbd7 6. cxd5 exd5 7. e3 Be7 8.
Bd3 O-O 9. Qc2 Re8 10. O-O Nf8 11. a3 g6 12. b4 a6 13. Ne5 Ne6 14. f4 Ng7 15.
Rf3 Bf5 16. Bxf5 Nxf5 17. Rh3 a5 18. b5 c5 19. dxc5 Bxc5 20. Nd1 Rc8 21. Qb2 d4
22. e4 d3+ 23. Kh1 Bd4 24. Qa2 Bxe5 25. fxe5 Rxe5 26. Qb2 Rxe4 27. Nf2 Rd4 28.
Rxd3 h6 29. Rxd4 Nxd4 30. Bxf6 Qxf6 31. Ng4 Qf4 32. h3 Rc2 33. Qb1 h5 34. Nh2
Ne2 35. Nf3 Rc1+ 0-1

[Event "XtraCon-Skakligaen"]
[Site "Denmark"]
[Date "2013.12.08"]
[Round "3.7"]
[White "Pedersen, Jan Rode"]
[Black "Hansen, Bjarne"]
[Result "1/2-1/2"]
[WhiteElo "2219"]
[BlackElo "2288"]
[PlyCount "55"]
[EventDate "2013.11.02"]
[EventType "team-tourn"]
[EventRounds "9"]
[WhiteTeam "Skanderborg"]
[BlackTeam "SK1968"]
[WhiteTeamCountry "DEN"]
[BlackTeamCountry "DEN"]

1. e4 Nf6 2. e5 Nd5 3. d4 d6 4. Nf3 Bg4 5. Be2 e6 6. O-O Be7 7. h3 Bh5 8. c4
Nb6 9. Nc3 O-O 10. exd6 cxd6 11. b3 d5 12. c5 Bxf3 13. Bxf3 Nc8 14. Bf4 Nc6 15.
a3 Bf6 16. Be3 N8e7 17. g4 g6 18. Bg2 b6 19. cxb6 Qxb6 20. Na4 Qd8 21. Rc1 Qd6
22. Nc5 Rab8 23. Qd2 Rb6 24. Rfd1 Rc8 25. b4 Qd8 26. Rb1 a6 27. Bf1 Nb8 28. Be2
1/2-1/2

[Event "XtraCon-Skakligaen"]
[Site "Denmark"]
[Date "2013.12.08"]
[Round "3.8"]
[White "Pedersen, Gunnar"]
[Black "Seegert, Kristian"]
[Result "0-1"]
[WhiteElo "2254"]
[BlackElo "2154"]
[PlyCount "122"]
[EventDate "2013.11.02"]
[EventType "team-tourn"]
[EventRounds "9"]
[WhiteTeam "SK1968"]
[BlackTeam "Skanderborg"]
[WhiteTeamCountry "DEN"]
[BlackTeamCountry "DEN"]

1. Nf3 f5 2. e4 d6 3. exf5 Bxf5 4. d4 Nf6 5. Bd3 Qd7 6. O-O g6 7. Bxf5 Qxf5 8.
c3 Nc6 9. Nbd2 O-O-O 10. Nc4 e5 11. Ne3 Qh5 12. a4 Bh6 13. d5 Ne7 14. c4 Nf5
15. Nxf5 gxf5 16. Bxh6 Qxh6 17. Ra3 Rhg8 18. Ne1 Rg4 19. a5 Rxc4 20. a6 b6 21.
Rc3 Qf4 22. Qb3 Rxc3 23. bxc3 Qe4 24. c4 Nd7 25. Nd3 Rg8 26. g3 Nb8 27. Rc1 Kd7
28. c5 Rc8 29. c6+ Ke7 30. Re1 Qd4 31. Nf4 Nxa6 32. Qf3 Qd2 33. Re2 Qc1+ 34.
Kg2 Re8 35. Qh5 Kd8 36. Qxf5 Nc5 37. Qf6+ Kc8 38. Qf7 Rd8 39. Ne6 Nxe6 40.
Qxe6+ Kb8 41. Qe7 Rc8 42. Qxh7 a5 43. Qd3 Ka7 44. h4 Rb8 45. Ra2 Qe1 46. h5 b5
47. h6 Kb6 48. h7 b4 49. Re2 Qc3 50. Qg6 Qc4 51. Rd2 Rh8 52. Kh2 Qc3 53. Rd3
Qc2 54. Kg2 b3 55. Qg8 Qxd3 56. Qxh8 Kc5 57. Qa8 Qxh7 58. Qxa5+ Kc4 59. Qa4+
Kc3 60. Qa5+ Kc2 61. f3 b2 0-1

[Event "XtraCon-Skakligaen"]
[Site "Denmark"]
[Date "2013.12.08"]
[Round "3.3"]
[White "Schmidt, Kristen"]
[Black "Andreasen, Per Naesby"]
[Result "1/2-1/2"]
[WhiteElo "2262"]
[BlackElo "2232"]
[PlyCount "40"]
[EventDate "2013.11.02"]
[EventType "team-tourn"]
[EventRounds "9"]
[WhiteTeam "K41"]
[BlackTeam "Norresundby"]
[WhiteTeamCountry "DEN"]
[BlackTeamCountry "DEN"]

1. e4 g6 2. d4 Bg7 3. Nc3 c6 4. Nf3 d5 5. h3 dxe4 6. Nxe4 Nd7 7. Bc4 Ndf6 8.
Nxf6+ Nxf6 9. O-O O-O 10. Re1 Bf5 11. c3 Be4 12. Ng5 Bd5 13. Bd3 h6 14. Nf3
Bxf3 15. Qxf3 e6 16. Bf4 Nd5 17. Be5 Qg5 18. g3 h5 19. h4 Qe7 20. Rad1 Rad8
1/2-1/2

[Event "XtraCon-Skakligaen"]
[Site "Denmark"]
[Date "2013.12.08"]
[Round "3.4"]
[White "Jorgensen, Jorgen"]
[Black "Naes, Flovin Tor"]
[Result "1-0"]
[WhiteElo "2257"]
[BlackElo "2252"]
[PlyCount "27"]
[EventDate "2013.11.02"]
[EventType "team-tourn"]
[EventRounds "9"]
[WhiteTeam "Norresundby"]
[BlackTeam "K41"]
[WhiteTeamCountry "DEN"]
[BlackTeamCountry "DEN"]

1. Nf3 Nf6 2. c4 g6 3. Nc3 d5 4. cxd5 Nxd5 5. g3 Bg7 6. Bg2 O-O 7. O-O e5 8.
Nxd5 Qxd5 9. d3 Re8 10. Be3 c6 11. a3 h6 12. Qc1 Kh7 13. Ng5+ hxg5 14. Bxd5 1-0

[Event "XtraCon-Skakligaen"]
[Site "Denmark"]
[Date "2013.12.08"]
[Round "3.5"]
[White "Andreasen, Joan Hendrik"]
[Black "Nielsen, John Bauneborg"]
[Result "1/2-1/2"]
[WhiteElo "2239"]
[BlackElo "2128"]
[PlyCount "112"]
[EventDate "2013.11.02"]
[EventType "team-tourn"]
[EventRounds "9"]
[WhiteTeam "K41"]
[BlackTeam "Norresundby"]
[WhiteTeamCountry "DEN"]
[BlackTeamCountry "DEN"]

1. d4 d6 2. g3 g6 3. Bg2 Bg7 4. c4 e5 5. e3 Nc6 6. Ne2 Bg4 7. f3 Bd7 8. O-O f5
9. Nbc3 Nf6 10. d5 Ne7 11. e4 O-O 12. h3 h6 13. Be3 g5 14. Bf2 Qc8 15. Kh2 f4
16. g4 h5 17. gxh5 Kf7 18. Rh1 Rh8 19. Kg1 Rxh5 20. h4 g4 21. fxg4 Bxg4 22. Qd3
Qd7 23. Kf1 Ng6 24. Ng1 Nh7 25. c5 Bf6 26. cxd6 cxd6 27. Nf3 Bd8 28. Qb5 a6 29.
Qxd7+ Bxd7 30. Rc1 Rc8 31. Ne2 Rxc1+ 32. Nxc1 Nhf8 33. Bh3 Bxh3+ 34. Rxh3 Nd7
35. Nd3 Nf6 36. Ng5+ Ke7 37. Ne1 Ng4 38. Nef3 Nxf2 39. Kxf2 Kd7 40. Ne6 Bf6 41.
Kg2 Nxh4+ 42. Nxh4 Rxh4 43. Rb3 Rg4+ 44. Kh3 Rh4+ 45. Kg2 Kc8 46. Rc3+ Kb8 47.
Rc7 Rg4+ 48. Kf1 f3 49. Rf7 Bh4 50. Rxf3 Rxe4 51. Kg2 Re2+ 52. Kh3 Rf2 53. Rxf2
Bxf2 54. Kg2 Be3 55. Kf3 Bc1 56. b3 Kc8 1/2-1/2

[Event "XtraCon-Skakligaen"]
[Site "Denmark"]
[Date "2013.12.08"]
[Round "3.6"]
[White "Pedersen, Svend"]
[Black "Brinck Claussen, Bjorn"]
[Result "1/2-1/2"]
[WhiteElo "2231"]
[BlackElo "2248"]
[PlyCount "68"]
[EventDate "2013.11.02"]
[EventType "team-tourn"]
[EventRounds "9"]
[WhiteTeam "Norresundby"]
[BlackTeam "K41"]
[WhiteTeamCountry "DEN"]
[BlackTeamCountry "DEN"]

1. e4 e6 2. d3 d5 3. Nd2 Nf6 4. e5 Nfd7 5. f4 Be7 6. Ngf3 c5 7. g3 Nc6 8. Bg2
b5 9. O-O O-O 10. Re1 a5 11. Nf1 b4 12. Be3 Ba6 13. Bf2 Nb6 14. g4 d4 15. Ng3
Nd5 16. Nd2 Rc8 17. Qf3 Nxf4 18. Qxf4 Bg5 19. Qf3 Bxd2 20. Re2 Bg5 21. Nh5 c4
22. Qg3 cxd3 23. cxd3 Rc7 24. Be4 Bb7 25. h4 Be7 26. g5 Kh8 27. Qf4 Nb8 28.
Bxb7 Rxb7 29. Rc1 Rc7 30. Rec2 Rxc2 31. Rxc2 Qd5 32. Rc7 Qd8 33. Rc4 Qd5 34.
Rc7 Qd8 1/2-1/2

[Event "XtraCon-Skakligaen"]
[Site "Denmark"]
[Date "2014.01.11"]
[Round "4.1"]
[White "Teplyi, Igor"]
[Black "Palo, Davor"]
[Result "1/2-1/2"]
[WhiteElo "2393"]
[BlackElo "2553"]
[PlyCount "57"]
[EventDate "2013.11.02"]
[EventType "team-tourn"]
[EventRounds "9"]
[WhiteTeam "Nordre"]
[BlackTeam "Skanderborg"]
[WhiteTeamCountry "DEN"]
[BlackTeamCountry "DEN"]

1. c4 e5 2. Nc3 Nc6 3. g3 Bc5 4. Bg2 d6 5. e3 Nge7 6. a3 a6 7. Nf3 O-O 8. O-O
Bg4 9. h3 Bh5 10. g4 Bg6 11. d4 Ba7 12. b4 Qc8 13. d5 Nd8 14. e4 f6 15. Ra2 Qd7
16. Rc2 Nf7 17. Nh4 c5 18. Qd3 Rfb8 19. b5 Bb6 20. Bd2 Ba5 21. Rb2 Bxc3 22.
Qxc3 a5 23. Bc1 Re8 24. Kh1 Nh8 25. Qg3 Nc8 26. Re2 Nb6 27. Qd3 Bf7 28. Rc2 Ng6
29. Nxg6 1/2-1/2

[Event "XtraCon-Skakligaen"]
[Site "Denmark"]
[Date "2014.01.11"]
[Round "4.2"]
[White "Semcesen, Daniel"]
[Black "Sloth, Jorn"]
[Result "1-0"]
[WhiteElo "2490"]
[BlackElo "2338"]
[PlyCount "79"]
[EventDate "2013.11.02"]
[EventType "team-tourn"]
[EventRounds "9"]
[WhiteTeam "Skanderborg"]
[BlackTeam "Nordre"]
[WhiteTeamCountry "DEN"]
[BlackTeamCountry "DEN"]

1. d4 Nf6 2. c4 e6 3. Nc3 Bb4 4. a3 Bxc3+ 5. bxc3 O-O 6. f3 d5 7. cxd5 exd5 8.
e3 Nh5 9. Qc2 Re8 10. g4 Nf4 11. h4 Nd7 12. Kf2 Ne6 13. Ne2 c5 14. Ng3 Qc7 15.
Bd3 Ndf8 16. Bd2 Bd7 17. a4 Rac8 18. Qb2 Bc6 19. Kg2 Nd7 20. a5 b5 21. axb6
axb6 22. Be1 g6 23. Ne2 Ra8 24. Bg3 Qb7 25. h5 Rxa1 26. Qxa1 Ra8 27. Qb1 Nef8
28. hxg6 fxg6 29. Nf4 Qa7 30. Bf2 Qa2 31. Qxa2 Rxa2 32. c4 cxd4 33. exd4 Ra3
34. g5 Kg7 35. Re1 dxc4 36. Re7+ Kh8 37. d5 cxd3 38. Bd4+ Kg8 39. Rg7+ Kh8 40.
Rxg6+ 1-0